000 00333nam a2200145Ia 4500
100 _aLowenberg/Edwin
650 _aElectrical Engineering
942 _cBK
654 _aElectronic
245 _aElectronic Circuits
260 _bMcGraw Hill.( Schaum''s)
_aSingapore
_c1983
082 _a621.3
300 _a274
546 _aENGLISH
999 _c29962
_d29962